東京・大手町駅から行ける「大」のつく駅 - Statistics

General Stats
  • This quiz has been taken 110 times
    95 since last reset
  • The average score is 14 of 35
Answer Stats
都道府県 駅名 % Correct
秋田県 大曲
78%
東京都 大井町
76%
埼玉県 大宮
75%
大阪府 新大阪
75%
山梨県 大月
67%
東京都 大森
60%
山形県 大石田
57%
東京都 大崎
57%
埼玉県 東大宮
56%
神奈川県 大船
56%
東京都 大塚
53%
福島県 大野
51%
茨城県 大甕
46%
東京都 西大井
43%
東京都 新大塚
40%
千葉県 大原
40%
神奈川県 大磯
39%
山梨県 上大月
39%
東京都 新大久保
38%
神奈川県 相模大野
35%
千葉県 大網
35%
東京都 駒沢大学
32%
東京都 大岡山
32%
栃木県 自治医大
28%
千葉県 市川大野
25%
神奈川県 大和
24%
東京都 池尻大橋
22%
山梨県 都留文科大学前
22%
東京都 祖師ヶ谷大蔵
21%
静岡県 大場
21%
静岡県 大仁
17%
千葉県 船橋日大前
15%
神奈川県 羽沢横浜国大
14%
神奈川県 相模大塚
14%
千葉県 大戸
7%
No matching quizzes found
Score Distribution
Percent of People with Each Score
Percentile by Number Answered
Your Score History
You have not taken this quiz since the last reset